Principles of Minerology / William H. Back Burn y Willam H. Dennen (Registro nro. 12018)

Detalles MARC
000 -LEADER
fixed length control field 00494nam a22001931a 4500
001 - CONTROL NUMBER
control field 12018
003 - CONTROL NUMBER IDENTIFIER
control field OSt
005 - DATE AND TIME OF LATEST TRANSACTION
control field 20260204212307.0
008 - FIXED-LENGTH DATA ELEMENTS--GENERAL INFORMATION
fixed length control field 140923s1988|||| ||||||b||||||||||eng||
020 ## - NUMERO DE LIBRO INTERNACIONAL NORMALIZADO
International Standard Book Number 0697011909
082 ## - DEWEY DECIMAL CLASSIFICATION NUMBER
Classification number 549 B562p
100 ## - ASIENTO PRINCIPAL -- NOMBRE PERSONAL
Personal name Black Burn, William
245 ## - TÍTULO PROPIAMENTE DICHO: SUBTÍTULO
Title Principles of Minerology / William H. Back Burn y Willam H. Dennen
264 ## - PRODUCTION, PUBLICATION, DISTRIBUTION, MANUFACTURE, AND COPYRIGHT NOTICE
Place of production, publication, distribution, manufacture Estados Unidos: Broklin
300 ## - PHYSICAL DESCRIPTION
Extensión 413 p
650 ## - ASIENTO SECUNDARIO DE MATERIA -- TERMINO TEMÁTICO
Termino Temático Como Elemento de Entrada MINEROLOGIA
700 ## - ASIENTO SECUNDARIO -- NOMBRE PERSONAL
Personal name I-DENNEN H. WILLIMÌ
942 ## - ADDED ENTRY ELEMENTS (KOHA)
Source of classification or shelving scheme Dewey Decimal Classification
Koha item type Libros
Existencias
Withdrawn status Lost status Source of classification or shelving scheme Damaged status Not for loan Current library Date acquired Total Checkouts Full call number Barcode Date last seen Price effective from Koha item type
    Dewey Decimal Classification     Biblioteca UTECO 09/09/2019   549 B562P 017330 09/09/2019 09/09/2019 Libros
© 2021 Derechos Reservados UTECO - Teléfono: +1 809-585-2291 - Correo electrónico: biblioteca@uteco.edu.do​  
Código postal 43000 ​​
Dirección: Avenida Universitaria No. 100, 
Cotuí, Provincia Sánchez Ramírez, República Dominicana - RNC: 404-00059-6